000 00811cab a2200277 4500
001 WB3002-36
008 090401t1994 xxu||||| |||| 00| 0 eng d
035 _a(Sirsi) u47534
041 _aeng
245 _aReview white paper aims for April
260 _c1994
350 _a0
490 _aCSM (Chartered Surveyor Monthly)
_v3(4) January 1994, 4(1)
520 _aA group of general council members is to draw up a white paper on the constitutional review of the RICS.
650 _aRICS BYE-LAWS
650 _aCLARK COMMITTEE
650 _aCONSTITUTIONAL REVIEW
650 _aCUBBON
650 _aGENERAL COUNCIL
650 _aRICS
650 _aSPECIALISMS
650 _aWHITE PAPER
690 _aMANAGEMENT-BUSINESS MANAGEMENT-PROFESSIONAL PRACTICE
942 _n0
948 _c04/03/1997
999 _c29976
_d29976